[Event "Heusenstamm Sparkassen op-B 7th"]
[Site "Heusenstamm"]
[Date "2021.11.18"]
[Round "1.8"]
[White "De Boer, Alex"]
[Black "Michalski, Uwe"]
[Result "1/2-1/2"]
[WhiteElo "1213"]
[BlackElo "1753"]
[PlyCount "62"]
[EventDate "2021.11.18"]
[EventType "swiss"]
[EventRounds "7"]
[EventCountry "GER"]
[SourceTitle "EXT 2023"]
[Source "ChessBase"]
[SourceDate "2022.10.05"]
[SourceVersion "1"]
[SourceVersionDate "2022.10.05"]
[SourceQuality "1"]

1. e4 d5 2. exd5 Nf6 3. d4 Nxd5 4. c4 Nf6 5. Nc3 b6 6. Nf3 Bb7 7. Be2 e6 8. b3 Bd6 9. 0-0 Nc6 10. Bb2 0-0 11. Re1 Ne7 12. Ne5 Nf5 13. Nb5 Be7 14. Rc1 a6 15. Na3 Nxd4 16. Bxd4 Bxa3 17. Rc2 Qe7 18. Bf3 Bxf3 19. Qxf3 Nd7 20. Nc6 Qd6 21. Rd1 e5 22. Bb2 Qg6 23. Rcd2 e4 24. Bxa3 Qxc6 25. Qh3 Nc5 26. b4 Nd3 27. b5 Qxc4 28. Bxf8 Rxf8 29. bxa6 Qxa6 30. Qe3 Qc4 31. f3 f5 1/2-1/2

[Event "DSOL 07 Liga Gr-C 1st"]
[Site "Playchess.com INT"]
[Date "2020.06.24"]
[Round "1.4"]
[White "De Boer, Alex"]
[Black "Kamleiter, Noah"]
[Result "1-0"]
[WhiteElo "1346"]
[BlackElo "1453"]
[PlyCount "77"]
[EventDate "2020.06.22"]
[EventType "team-tourn (rapid)"]
[EventCountry "GER"]
[SourceTitle "EXT 2021"]
[Source "ChessBase"]
[SourceDate "2020.10.23"]
[SourceVersion "1"]
[SourceVersionDate "2020.10.23"]
[SourceQuality "1"]
[WhiteTeam "Bickenbach II"]
[BlackTeam "Kelheim II"]
[WhiteTeamCountry "GER"]
[BlackTeamCountry "GER"]

1. e4 c5 2. Nc3 Nc6 3. Bb5 g6 4. Bxc6 bxc6 5. f4 Bg7 6. Nf3 d6 7. 0-0 Nf6 8. d3 0-0 9. Qe1 Ba6 10. Ng5 e6 11. Qh4 h6 12. Nh3 d5 13. f5 dxe4 14. fxg6 fxg6 15. Nxe4 Qd4+ 16. Rf2 Nxe4 17. Qxe4 Qxe4 18. dxe4 Bd4 19. Bxh6 Bxf2+ 20. Nxf2 Rf6 21. Ng4 Rf7 22. Ne5 Rh7 23. Be3 Kg7 24. Bxc5 Rh5 25. Bd4 Bb7 26. Ng4+ Kf8 27. Rf1+ Ke7 28. Bf6+ Kd7 29. Ne5+ Kc7 30. Nxg6 Ba6 31. Rd1 Rh6 32. Be5+ Kc8 33. Ne7+ Kb7 34. Rd7+ Kb6 35. Rd6 Bb7 36. Nd5+ Ka5 37. Bc3+ Ka4 38. Nc7 Rc8 39. Rd4# 1-0

[Event "Heusenstamm Sparkassen op-B 6th"]
[Site "Heusenstamm"]
[Date "2019.11.21"]
[Round "1"]
[White "De Boer, Alex"]
[Black "Ghaznavi, Massoud"]
[Result "0-1"]
[WhiteElo "1094"]
[BlackElo "1562"]
[PlyCount "80"]
[EventDate "2019.11.21"]
[EventType "swiss"]
[EventRounds "7"]
[EventCountry "GER"]
[SourceTitle "CBM 194 Extra"]
[Source "ChessBase"]
[SourceDate "2020.03.31"]
[SourceVersion "1"]
[SourceVersionDate "2020.03.31"]
[SourceQuality "1"]

1. e4 c6 2. d4 d5 3. f3 h6 4. Nc3 e6 5. Be3 Bb4 6. Bd3 Ne7 7. Nge2 Ng6 8. 0-0 0-0 9. a3 Be7 10. e5 Bg5 11. Qd2 f5 12. exf6 Qxf6 13. f4 Bh4 14. g3 Nd7 15. gxh4 Nxh4 16. Ng3 Qe7 17. Qe2 c5 18. dxc5 Nxc5 19. Bxc5 Qxc5+ 20. Kh1 Bd7 21. Qf2 Qd6 22. Bb5 Bc8 23. Nh5 Nf5 24. Bd3 d4 25. Ne4 Qd5 26. Qg2 Kh8 27. Rfe1 Rg8 28. Kg1 Bd7 29. Nhg3 Nh4 30. Qf2 Raf8 31. Ne2 Nf5 32. N4g3 Ne3 33. Be4 Qd6 34. Nf1 Ng4 35. Qg3 Nf6 36. Bd3 Bc6 37. Bc4 Nh5 38. Qg6 Nxf4 39. Nxf4 Qxf4 40. Bd3 Qf2# 0-1